Представление документа в формате RUSMARC

ПолеНазваниеЗначение
  Тип записи a
  Библиографический уровень m
001 Контрольный номер RU/SLIB/B/208765805
005 Дата корректировки 20201206204239.7
010 Индекс ISBN __
a ISBN 5-89520-053-2
d Цена 241-00
101 Язык документа __
a Язык текста rus
200 Заглавие и сведения об ответственности __
a Заглавие Теория и практика перевода
e Сведения, относящиеся к заглавию фр. яз.
f Первые сведения об ответственности В. Г. Гак, Б. Б. Григорьев
b Общее обозначение материала Текст
205 Сведения об издании __
a Основные сведения об издании 5-е изд.
210 Выходные данные __
a Место издания М.
c Издательство Интердиалект+
d Дата издания 2003
215 Физическое описание __
a Объем 456 с.
330 Аннотация __
a Аннотация Книга представляет собой систематизированный курс перевода, построенный на материалах общественно-политического и страноведческого характера.
606 Тематические рубрики __
a Основная рубрика Языкознание
606 Тематические рубрики __
a Основная рубрика Романские языки
610 Ключевые слова __
a Ключевые слова французский язык; переводы; переводоведение; переводчики
686 Индексы других классификаций __
a Классификационный индекс 81.2Фр-7
700 Автор __
a Фамилия Гак
b Имя В. Г.
4 Код отношения 070
701 Альтернативная интеллектуальная ответственность __
a Фамилия Григорьев
b Имя Б. Б.
801 Источник записи _0
a Страна RU
b Организация Муниципальное бюджетное учреждение культуры "Централизованная библиотечная система" г. Сургут (Центральная городская библиотека им. А. С. Пушкина)
g Правила каталогизации ОИЛ/Рутковская
801 Источник записи _1
a Страна RU
b Организация Муниципальное бюджетное учреждение культуры "Централизованная библиотечная система" г. Сургут (Центральная городская библиотека им. А. С. Пушкина)
g Правила каталогизации ОИЛ/Рутковская
852 Данные о местонахождении __
j Шифр хранения 81.2Фр-7
c Каталожный индекс 81.2Фр-7
i Авторский знак Г 14
p Инвентарный номер 04050954
901 Тип документа __
t Тип документа m
903 Характеристики (МАРС) __
a Дата передачи 20040419
990 Данные о заказе (DOS) __
t N записи в КСУ для И/У (DOS) 200405
j Количество экземпляров (DOS) 1